000
00264nam a2200109Ia 4500
008
200302s9999 xx 000 0 und d
100
_a
Hugh Pearman
245
_a
Contemporary World Architecture
260
_b
Phaidon Perss Ltd.
260
_c
1998
300
_a
511 P.,
999
_c
1228
_d
1228